[Event "FRA Team Ch"]
[Site "SAUTRON"]
[Date "2002.??.??"]
[Round "7.4"]
[White "Glavina, Pablo"]
[Black "Hamdouchi, Hichem"]
[Result "1/2-1/2"]
[WhiteElo "2417"]
[BlackElo "2522"]
[PlyCount "57"]
[EventDate "2002.03.??"]
[WhiteTeam "Noyon"]
[BlackTeam "Montpellier"]

1. e4 c5 2. c3 Nf6 3. e5 Nd5 4. Nf3 Nc6 5. Na3 d6 6. exd6 exd6 7. d4 Be7 8. Be2
O-O 9. O-O Bf6 10. Qb3 Nb6 11. dxc5 dxc5 12. Be3 Be6 13. Qc2 Qe7 14. Rfe1 Rac8
15. Rad1 Rfd8 16. Qb1 Rxd1 17. Bxd1 Ne5 18. Nxe5 Bxe5 19. Bf3 Bb8 20. Qe4 Nd5
21. Bc1 Qc7 22. g3 b6 23. Qa4 Rf8 24. Nb5 Qd7 25. Rd1 Qe8 26. Qc2 Qxb5 27. Bxd5
Bxd5 28. Rxd5 Qc4 29. Qb3 1/2-1/2

[Event "FRA Team Ch"]
[Site "SAUTRON"]
[Date "2002.??.??"]
[Round "7.5"]
[White "Santo-Roman, Marc"]
[Black "Tirard, Hugo"]
[Result "1/2-1/2"]
[WhiteElo "2413"]
[BlackElo "2401"]
[PlyCount "92"]
[EventDate "2002.03.??"]
[WhiteTeam "Montpellier"]
[BlackTeam "Noyon"]

1. e4 c5 2. Nf3 Nc6 3. d4 cxd4 4. Nxd4 Nf6 5. Nc3 e5 6. Ndb5 d6 7. Bg5 a6 8.
Na3 b5 9. Bxf6 gxf6 10. Nd5 Bg7 11. c3 f5 12. exf5 Bxf5 13. Nc2 O-O 14. Nce3
Bg6 15. h4 h6 16. Bd3 e4 17. Bc2 b4 18. cxb4 Rb8 19. a3 a5 20. b5 Rxb5 21. Ba4
Rc5 22. Rb1 Ne5 23. b4 axb4 24. axb4 Nd3+ 25. Kf1 Rxd5 26. Nxd5 Qa8 27. Bb3 Rb8
28. h5 Bh7 29. Rh3 Qa7 30. Ne3 Kh8 31. Bc4 Qd4 32. Qd2 f5 33. g3 Be5 34. Bxd3
exd3 35. Ng2 Rc8 36. Rh4 f4 37. gxf4 Bf6 38. Rh3 Rc2 39. Qe3 Qc4 40. Qe8+ Bg8
41. Rd1 d2+ 42. Qe2 Qc8 43. Rd3 Bc4 44. Kg1 Bxd3 45. Qxd3 Qc3 46. Qxd6 Rc1
1/2-1/2

[Event "FRA Team Ch"]
[Site "SAUTRON"]
[Date "2002.??.??"]
[Round "7.7"]
[White "Boudre, Jean-Pierre"]
[Black "Peyrat, Olivier"]
[Result "1-0"]
[WhiteElo "2384"]
[BlackElo "2308"]
[PlyCount "125"]
[EventDate "2002.03.??"]
[WhiteTeam "Montpellier"]
[BlackTeam "Noyon"]

1. e4 c5 2. Nf3 e6 3. d4 cxd4 4. Nxd4 a6 5. Bd3 Qc7 6. O-O Nf6 7. Qe2 d6 8. c4
Nbd7 9. b3 Be7 10. Bb2 b6 11. Nc3 Bb7 12. f4 g6 13. Rae1 O-O 14. Nf3 Rae8 15.
Kh1 Nc5 16. Bb1 Qb8 17. Qd2 Rd8 18. f5 Rfe8 19. fxe6 fxe6 20. b4 Ncd7 21. Ng5
Bf8 22. Ne2 e5 23. a3 Bh6 24. Ng3 Kg7 25. h4 Re7 26. Rd1 Nf8 27. Qf2 N8d7 28.
Bc1 Rf8 29. Qd2 Bxg5 30. hxg5 Ne8 31. Rxf8 Nxf8 32. Qf2 Qc7 33. Be3 Rf7 34. Qe2
Ne6 35. Ba2 Nf4 36. Qd2 Qe7 37. c5 dxc5 38. Bxf7 Kxf7 39. bxc5 bxc5 40. Qd7 Kf8
41. Qxe7+ Kxe7 42. Bxc5+ Ke6 43. Rb1 Bc8 44. Bb4 Bd7 45. Bc3 Bb5 46. a4 Bxa4
47. Rb6+ Kf7 48. Rxa6 Bc2 49. Ra7+ Kf8 50. Bb4+ Kg8 51. Re7 Ng7 52. Bd6 Nge6
53. Bxe5 Kf8 54. Bf6 Kg8 55. Kg1 Bb1 56. Kf2 Ba2 57. Nf1 Bb3 58. Ne3 Kf8 59.
Rb7 Ba4 60. Kf3 Nd3 61. Nc4 Nec5 62. Rc7 Nd7 63. Nd6 1-0

[Event "FRA Team Ch"]
[Site "SAUTRON"]
[Date "2002.??.??"]
[Round "7.8"]
[White "Bernard, Jacques"]
[Black "Sarthou, Gaetan"]
[Result "0-1"]
[WhiteElo "2235"]
[BlackElo "2369"]
[PlyCount "86"]
[EventDate "2002.03.??"]
[WhiteTeam "Noyon"]
[BlackTeam "Montpellier"]

1. e4 c5 2. Nf3 Nc6 3. d4 cxd4 4. Nxd4 Nf6 5. Nc3 e5 6. Ndb5 d6 7. Bg5 a6 8.
Na3 b5 9. Bxf6 gxf6 10. Nd5 Bg7 11. Bd3 Ne7 12. Nxe7 Qxe7 13. c3 f5 14. O-O O-O
15. Nc2 Rb8 16. exf5 e4 17. Re1 Bxf5 18. Ne3 Bg6 19. Nd5 Be5 20. Bc2 Kh8 21.
Qd2 a5 22. a3 f5 23. f4 Qe6 24. Bb3 Bf7 25. Ba2 Qh6 26. g3 Qh3 27. Ne3 Bxa2 28.
Rxa2 d5 29. Qxd5 h5 30. Qd1 Rbd8 31. Qe2 Rd3 32. Raa1 b4 33. axb4 axb4 34. Red1
bxc3 35. bxc3 Rxc3 36. Ra7 Rfc8 37. Qd2 Rd3 38. Qe1 Bd4 39. Rxd3 exd3 40. Rd7
Rc2 41. Rd8+ Kg7 42. Rd7+ Kf6 43. Rd6+ Ke7 0-1

[Event "FRA Team Ch"]
[Site "SAUTRON"]
[Date "2002.??.??"]
[Round "7.9"]
[White "Flear, Christine"]
[Black "Wolfangel, Florence"]
[Result "1-0"]
[WhiteElo "2164"]
[BlackElo "1960"]
[PlyCount "93"]
[EventDate "2002.03.??"]
[WhiteTeam "Montpellier"]
[BlackTeam "Noyon"]

1. d4 Nf6 2. c4 g6 3. Nc3 Bg7 4. e4 d6 5. f4 e6 6. Nf3 O-O 7. e5 dxe5 8. fxe5
Nfd7 9. Bg5 f6 10. exf6 Bxf6 11. Bxf6 Qxf6 12. Be2 Nc6 13. O-O Qg7 14. Qd2 e5
15. dxe5 Ndxe5 16. Qd5+ Nf7 17. Rad1 Bf5 18. Qb5 Nd6 19. Qb3 Be6 20. Ng5 Rxf1+
21. Bxf1 Qe5 22. Nxe6 Qxe6 23. c5 Qxb3 24. axb3 Nf5 25. Rd7 Rc8 26. Nd5 Ne5 27.
Nf6+ Kf8 28. Nxh7+ Ke8 29. Nf6+ Kf8 30. Rd5 Kf7 31. Ne4 Ke6 32. Rd2 b6 33. Be2
Ne3 34. h3 Kf5 35. Nc3 bxc5 36. Kf2 Rb8 37. Kxe3 Rxb3 38. Kf2 c4 39. Nd5 Ke4
40. Nc3+ Kf5 41. Ke3 c5 42. Bd1 Rb7 43. Ne4 Rb6 44. Nxc5 c3 45. Rf2+ Kg5 46.
Ne4+ Kh6 47. bxc3 1-0

[Event "FRA Team Ch"]
[Site "SAUTRON"]
[Date "2002.??.??"]
[Round "7.1"]
[White "Bricard, Emmanuel"]
[Black "Baburin, Alexander"]
[Result "0-1"]
[WhiteElo "2443"]
[BlackElo "2565"]
[PlyCount "126"]
[EventDate "2002.03.??"]
[WhiteTeam "Toulouse"]
[BlackTeam "Monaco"]

1. Nf3 d5 2. g3 g6 3. c4 d4 4. d3 Bg7 5. Bg2 e5 6. O-O Ne7 7. b4 O-O 8. Nbd2 c6
9. Nb3 Na6 10. Qd2 Nc7 11. a4 b6 12. b5 c5 13. a5 Rb8 14. axb6 axb6 15. Ra7 h6
16. e3 dxe3 17. Qxe3 Nf5 18. Qe4 Nd6 19. Qc6 Ne6 20. Re1 e4 21. dxe4 Bb7 22.
Rxb7 Nxb7 23. e5 Qd3 24. Nfd2 Na5 25. Nxa5 bxa5 26. Be4 Qc3 27. Bd5 a4 28. Kg2
a3 29. Qa6 Nc7 30. Qxa3 Nxd5 31. cxd5 Bxe5 32. Nf3 Bg7 33. d6 Qxa3 34. Bxa3
Rfd8 35. Bxc5 Rxb5 36. Bd4 Rxd6 37. Bxg7 Kxg7 38. Re2 g5 39. h4 g4 40. Ng1 Re6
41. Ra2 Rbe5 42. Ra4 h5 43. f3 f5 44. Kf2 Rb5 45. Ra2 Reb6 46. fxg4 Rb2+ 47.
Rxb2 Rxb2+ 48. Ne2 hxg4 49. Ke3 Kf6 50. Nf4 Rb3+ 51. Kd4 Rf3 52. Nd5+ Ke6 53.
Nf4+ Kd6 54. Nh5 Ra3 55. Ng7 Ra4+ 56. Ke3 Ke5 57. Nh5 Ra3+ 58. Kf2 Kd4 59. Ng7
Ke4 60. Kg2 Ra7 61. Nh5 Ra2+ 62. Kg1 Kf3 63. Kh1 f4 0-1

[Event "FRA Team Ch"]
[Site "SAUTRON"]
[Date "2002.??.??"]
[Round "7.3"]
[White "Oms Pallise, Josep"]
[Black "Bauer, Christian"]
[Result "1/2-1/2"]
[WhiteElo "2424"]
[BlackElo "2578"]
[PlyCount "138"]
[EventDate "2002.03.??"]
[WhiteTeam "Toulouse"]
[BlackTeam "Monaco"]

1. d4 d5 2. Nf3 Nf6 3. c4 e6 4. Nc3 c6 5. Bg5 Nbd7 6. cxd5 exd5 7. e3 Be7 8.
Qc2 Nh5 9. Bxe7 Qxe7 10. g4 Nf4 11. O-O-O Ng6 12. g5 Nb6 13. Rg1 Be6 14. Bd3
O-O-O 15. h4 Kb8 16. Kb1 h5 17. Rg3 Bg4 18. Rh1 Rd6 19. Bf5 Bxf5 20. Qxf5 Re6
21. Qc2 Nc4 22. Nd2 Nd6 23. Na4 b6 24. Rf3 Rc8 25. Nf1 c5 26. dxc5 Ne4 27. Nd2
Nxc5 28. Nc3 Ne5 29. Rg3 Ned3 30. Nb3 Nb4 31. Qf5 Re5 32. Qf3 Qe6 33. Nd4 Qg6+
34. Ka1 Ne6 35. a3 Nxd4 36. exd4 Nc2+ 37. Ka2 Nxd4 38. Qf4 Nc6 39. Rd1 Qe6 40.
Ne2 Kb7 41. Nd4 Nxd4 42. Rxd4 Re4 43. Rxe4 dxe4+ 44. Kb1 Rc4 45. Qd2 Qf5 46.
Re3 g6 47. Ka1 a5 48. Kb1 a4 49. Ka1 Ka7 50. Kb1 Qc5 51. Qd7+ Ka6 52. Qd2 Rd4
53. Qe2+ Qc4 54. Qxc4+ Rxc4 55. b3 axb3 56. Kb2 Rd4 57. Kxb3 Kb5 58. Kc3 Kc5
59. Kc2 b5 60. Re1 e3 61. Rxe3 Rxh4 62. Rf3 Rg4 63. Rxf7 Rxg5 64. Kd3 Rf5 65.
Rg7 g5 66. Ke4 Rxf2 67. Rxg5+ Kc4 68. Rxh5 Re2+ 69. Kf3 Re8 1/2-1/2

[Event "FRA Team Ch"]
[Site "SAUTRON"]
[Date "2002.??.??"]
[Round "7.4"]
[White "Dorfman, Josif D"]
[Black "Boyd, Stephen"]
[Result "1-0"]
[WhiteElo "2602"]
[BlackElo "2362"]
[PlyCount "55"]
[EventDate "2002.03.??"]
[WhiteTeam "Monaco"]
[BlackTeam "Toulouse"]

1. d4 g6 2. g3 d5 3. Bg2 Bg7 4. Nf3 Nf6 5. c4 c6 6. Qb3 Qb6 7. Nc3 O-O 8. O-O
Bf5 9. h3 Ne4 10. cxd5 Qxb3 11. axb3 Nxc3 12. bxc3 cxd5 13. Nd2 Rd8 14. e4 Be6
15. Re1 Nc6 16. b4 a6 17. b5 Na7 18. bxa6 Nc6 19. Rb1 bxa6 20. Rb6 Rac8 21.
Rxa6 dxe4 22. Nxe4 Bc4 23. Rb6 Bd5 24. Ba3 e5 25. Nd6 Bxg2 26. Nxc8 Rxc8 27.
Kxg2 exd4 28. Rxc6 1-0

[Event "FRA Team Ch"]
[Site "SAUTRON"]
[Date "2002.??.??"]
[Round "7.5"]
[White "Van Elst, Andreas"]
[Black "Efimov, Igor"]
[Result "0-1"]
[WhiteElo "2298"]
[BlackElo "2444"]
[PlyCount "96"]
[EventDate "2002.03.??"]
[WhiteTeam "Toulouse"]
[BlackTeam "Monaco"]

1. d4 e6 2. e4 d5 3. Nc3 a6 4. Bd3 Nf6 5. Nf3 Nc6 6. O-O Nb4 7. Re1 Nxd3 8.
Qxd3 dxe4 9. Nxe4 Be7 10. Bf4 O-O 11. Ne5 Nd5 12. Bd2 Bd7 13. Rad1 Be8 14. c4
Nb6 15. Qe2 f6 16. Nf3 Bf7 17. b3 Re8 18. Bc3 Bf8 19. h4 Nc8 20. Ng3 Nd6 21. a4
Qb8 22. a5 b6 23. axb6 cxb6 24. Nd2 a5 25. Qg4 Qc8 26. h5 h6 27. Rc1 Kh8 28.
Ba1 a4 29. b4 Nf5 30. Bc3 Nxg3 31. fxg3 a3 32. Ra1 Ra4 33. Reb1 Re7 34. Qd1
Rea7 35. g4 a2 36. Rb2 Ra3 37. Qc2 Qa8 38. Nb3 Qc6 39. Qe2 e5 40. dxe5 Qxc4 41.
Qd2 fxe5 42. Bxe5 Rxb3 43. Rxb3 Qxb3 44. Qxh6+ Kg8 45. Qxb6 Rb7 46. Qxb7 Qe3+
47. Kh1 Qxe5 48. Rf1 Qf6 0-1

[Event "FRA Team Ch"]
[Site "SAUTRON"]
[Date "2002.??.??"]
[Round "7.6"]
[White "Marciano, David"]
[Black "Dimitrov, Christo"]
[Result "1-0"]
[WhiteElo "2505"]
[BlackElo "2212"]
[PlyCount "81"]
[EventDate "2002.03.??"]
[WhiteTeam "Monaco"]
[BlackTeam "Toulouse"]

1. e4 d6 2. d4 Nf6 3. Nc3 c6 4. f4 Qa5 5. Bd3 e5 6. Nf3 Bg4 7. Be3 Nbd7 8. O-O
Be7 9. h3 Bxf3 10. Qxf3 O-O 11. Ne2 c5 12. c3 cxd4 13. cxd4 Rac8 14. a3 a6 15.
Nc3 Rfe8 16. Kh1 Rf8 17. g4 Ne8 18. Nd5 Qd8 19. Rad1 Nc7 20. Bc4 exd4 21. Bxd4
Ne6 22. Ba2 Nxd4 23. Rxd4 Nb6 24. e5 Nxd5 25. Bxd5 Rc2 26. Qb3 Qc7 27. Rc4 Rxc4
28. Qxc4 Qxc4 29. Bxc4 Rc8 30. Bd5 Rc7 31. e6 fxe6 32. Bxe6+ Kf8 33. g5 g6 34.
h4 Kg7 35. Bd5 Bd8 36. Re1 Be7 37. Kg2 b6 38. Kf3 a5 39. Kg4 h6 40. Re6 hxg5
41. hxg5 1-0

[Event "FRA Team Ch"]
[Site "SAUTRON"]
[Date "2002.??.??"]
[Round "7.7"]
[White "Constantin, David"]
[Black "Kosten, Anthony C"]
[Result "0-1"]
[WhiteElo "2097"]
[BlackElo "2533"]
[PlyCount "90"]
[EventDate "2002.03.??"]
[WhiteTeam "Toulouse"]
[BlackTeam "Monaco"]

1. d4 Nf6 2. c4 e6 3. Nc3 Bb4 4. Nf3 b6 5. Bg5 Bb7 6. e3 h6 7. Bh4 g5 8. Bg3
Ne4 9. Qc2 f5 10. a3 Bxc3+ 11. bxc3 d6 12. Bd3 Nd7 13. Nd2 Nxd2 14. Qxd2 Bxg2
15. Rg1 Bf3 16. Be2 Bxe2 17. Qxe2 Nf6 18. f3 Qd7 19. a4 Qc6 20. Rf1 h5 21. e4
h4 22. d5 Qd7 23. Bf2 e5 24. a5 Kf7 25. Qd3 f4 26. Ke2 Rab8 27. axb6 cxb6 28.
Rg1 Rhg8 29. Rg2 h3 30. Rgg1 Rbc8 31. c5 dxc5 32. c4 Rc7 33. Be1 Qd6 34. Bc3
Ke8 35. Bb2 Rcg7 36. Qc3 Re7 37. Ra6 g4 38. fxg4 Nxe4 39. Qxh3 Qg6 40. Qd3 f3+
41. Qxf3 Rf8 42. Qa3 Qh6 43. Qe3 Rf2+ 44. Kd3 Rd2+ 45. Kxe4 Qh7+ 0-1

[Event "FRA Team Ch"]
[Site "SAUTRON"]
[Date "2002.??.??"]
[Round "7.8"]
[White "Miralles, Gilles"]
[Black "Vilaisarn, Akkhavanh"]
[Result "1/2-1/2"]
[WhiteElo "2467"]
[BlackElo "2170"]
[PlyCount "49"]
[EventDate "2002.03.??"]
[WhiteTeam "Monaco"]
[BlackTeam "Toulouse"]

1. d4 e6 2. e4 d5 3. Nd2 Nc6 4. Ngf3 Nf6 5. e5 Nd7 6. c4 dxc4 7. Nxc4 Nb6 8. a3
Ne7 9. Nxb6 axb6 10. Bd3 Bd7 11. O-O Nd5 12. Bg5 Be7 13. Qd2 h6 14. Bxe7 Qxe7
15. Rfe1 O-O 16. Rac1 Bc6 17. h3 Qd7 18. Nh2 Rfd8 19. Ng4 Kf8 20. Nxh6 gxh6 21.
Qxh6+ Ke7 22. Qg5+ Ke8 23. Qg8+ Ke7 24. Qg5+ Ke8 25. Qg8+ 1/2-1/2

[Event "FRA Team Ch"]
[Site "SAUTRON"]
[Date "2002.??.??"]
[Round "7.9"]
[White "Mourgues, Joelle"]
[Black "Lallemand, Roza"]
[Result "0-1"]
[WhiteElo "1770"]
[BlackElo "2291"]
[PlyCount "108"]
[EventDate "2002.03.??"]
[WhiteTeam "Toulouse"]
[BlackTeam "Monaco"]

1. Nf3 Nf6 2. g3 g6 3. Bg2 Bg7 4. O-O d6 5. d3 O-O 6. c4 e5 7. Nc3 Nc6 8. Rb1
h6 9. Bd2 Be6 10. e4 Nh5 11. Nh4 Nf4 12. Be3 Nxg2 13. Nxg2 Bh3 14. Qd2 Kh7 15.
f4 f5 16. Rf2 Nd4 17. Ne2 Bg4 18. Bxd4 exd4 19. Nh4 Qe7 20. exf5 Bxf5 21. Nxf5
Rxf5 22. g4 Rff8 23. Kg2 Qh4 24. h3 Rae8 25. Ng1 Re3 26. Nf3 Qe7 27. Ng1 d5 28.
b3 Qd6 29. Rbf1 dxc4 30. bxc4 Qc6+ 31. Kh2 g5 32. Rf3 gxf4 33. R1f2 Rfe8 34.
Qd1 Bf6 35. Qf1 Bh4 36. Re2 Bg3+ 37. Kg2 Rxd3 38. Re7+ Rxe7 39. Qxd3+ Qe4 40.
Qxe4+ Rxe4 41. Kf1 Re1+ 42. Kg2 Rc1 43. Rd3 Rxc4 44. Ne2 c5 45. Kf3 Ra4 46. a3
Rc4 47. h4 Bxh4 48. Kxf4 Rc2 49. Kf3 Bg5 50. Ng3 Rc3 51. Ke2 Rc2+ 52. Kf3 Bf6
53. Ne4 Kg6 54. Rb3 b6 0-1

[Event "FRA Team Ch"]
[Site "SAUTRON"]
[Date "2002.??.??"]
[Round "7.2"]
[White "Bunzmann, Dimitrij"]
[Black "Magem Badals, Jordi"]
[Result "1/2-1/2"]
[WhiteElo "2469"]
[BlackElo "2502"]
[PlyCount "38"]
[EventDate "2002.03.??"]
[WhiteTeam "Sautron"]
[BlackTeam "Orange"]

1. d4 d5 2. c4 dxc4 3. e3 Nf6 4. Bxc4 e6 5. Nf3 c5 6. O-O Nc6 7. Qe2 cxd4 8.
Rd1 Be7 9. exd4 O-O 10. Nc3 Na5 11. Bd3 b6 12. Bf4 Bb7 13. Rac1 Rc8 14. Bg3 Nd5
15. h3 Bd6 16. Ne5 Be7 17. Nf3 Bd6 18. Ne5 Be7 19. Nf3 Bd6 1/2-1/2

[Event "FRA Team Ch"]
[Site "SAUTRON"]
[Date "2002.??.??"]
[Round "7.3"]
[White "De La Riva Aguado, Oscar"]
[Black "Belkhodja, Slim"]
[Result "1-0"]
[WhiteElo "2495"]
[BlackElo "2506"]
[PlyCount "71"]
[EventDate "2002.03.??"]
[WhiteTeam "Orange"]
[BlackTeam "Sautron"]

1. e4 d6 2. d4 Nf6 3. Nc3 Nbd7 4. g4 h6 5. Bg2 e5 6. h3 c5 7. dxe5 dxe5 8. Nge2
c4 9. Ng3 Bb4 10. O-O Bxc3 11. bxc3 O-O 12. f4 Qa5 13. Nf5 exf4 14. Bxf4 Ne5
15. Ne7+ Kh7 16. Qd6 Nfd7 17. Nd5 Ng6 18. e5 Nc5 19. Be3 Ne6 20. Be4 Rd8 21.
Rxf7 Rxd6 22. exd6 Bd7 23. Rxd7 Nc5 24. Bxg6+ Kxg6 25. Re7 Nd3 26. Bd4 Rg8 27.
Ne3 Nf4 28. Re1 Nxh3+ 29. Kg2 Ng5 30. d7 Qc7 31. Nd5 Qd6 32. R1e5 Kh7 33. Rxg5
hxg5 34. Nf6+ Kg6 35. Nxg8 Qd5+ 36. Kg1 1-0

[Event "FRA Team Ch"]
[Site "SAUTRON"]
[Date "2002.??.??"]
[Round "7.4"]
[White "Dgebuadze, Alexandre"]
[Black "Mellado Trivino, Juan"]
[Result "1/2-1/2"]
[WhiteElo "2544"]
[BlackElo "2447"]
[PlyCount "31"]
[EventDate "2002.03.??"]
[WhiteTeam "Sautron"]
[BlackTeam "Orange"]

1. e4 d5 2. exd5 Qxd5 3. Nc3 Qd6 4. d4 Nf6 5. Nf3 a6 6. Bg5 Nbd7 7. Qd2 b5 8.
Bf4 Qb6 9. a3 Bb7 10. Be2 e6 11. O-O c5 12. dxc5 Bxc5 13. Rad1 O-O 14. Bd6 Bxd6
15. Qxd6 Rac8 16. Qxb6 1/2-1/2

[Event "FRA Team Ch"]
[Site "SAUTRON"]
[Date "2002.??.??"]
[Round "7.5"]
[White "Guadalpi, David"]
[Black "Sorin, Maxime"]
[Result "0-1"]
[WhiteElo "2315"]
[BlackElo "2303"]
[PlyCount "144"]
[EventDate "2002.03.??"]
[WhiteTeam "Orange"]
[BlackTeam "Sautron"]

1. e4 c5 2. Nf3 Nc6 3. d4 cxd4 4. Nxd4 Nf6 5. Nc3 d6 6. Bg5 e6 7. Qd2 a6 8.
O-O-O h6 9. Bf4 Bd7 10. Nxc6 Bxc6 11. f3 Qb6 12. Bxd6 O-O-O 13. e5 Bxd6 14.
exd6 Rd7 15. Bc4 Rhd8 16. Bb3 Qc5 17. Rhe1 Rxd6 18. Qe3 Rxd1+ 19. Nxd1 Qh5 20.
Qe5 Qh4 21. Re2 Qd4 22. Qxd4 Rxd4 23. Ne3 Kc7 24. Rd2 Rxd2 25. Kxd2 Nd7 26. c3
g5 27. Nc4 Bd5 28. Ne3 Bxb3 29. axb3 h5 30. Kd3 f6 31. Kd4 Kc6 32. Nc4 h4 33.
Nd2 Nf8 34. b4 Nd7 35. b3 Kd6 36. Nc4+ Kc6 37. Ke4 Nf8 38. Ne3 Ng6 39. g3 Kd6
40. Nc4+ Kc6 41. Kd4 h3 42. Na5+ Kc7 43. Nc4 Ne7 44. Ne3 Nc6+ 45. Kd3 f5 46.
Nc4 b5 47. Nd2 Kd6 48. Ke3 Ne5 49. Kd4 Nc6+ 50. Ke3 Ne5 51. Kd4 g4 52. f4 Nc6+
53. Kd3 e5 54. Ke3 Ne7 55. fxe5+ Kxe5 56. Nf1 Nc6 57. Nd2 Ne7 58. Nf1 Nd5+ 59.
Kd3 f4 60. gxf4+ Nxf4+ 61. Ke3 Nd5+ 62. Kd3 Kf4 63. Kd4 Ne7 64. c4 Kf3 65. Ke5
Kf2 66. Ng3 Kg2 67. Kf4 Kxh2 68. c5 Kg2 69. Kxg4 h2 70. Kf4 Nd5+ 71. Kg4 Nxb4
72. Kf4 Nd3+ 0-1

[Event "FRA Team Ch"]
[Site "SAUTRON"]
[Date "2002.??.??"]
[Round "7.6"]
[White "Gerard, Nicolas"]
[Black "Kovarcik, Thomas"]
[Result "1/2-1/2"]
[WhiteElo "2273"]
[BlackElo "2243"]
[PlyCount "132"]
[EventDate "2002.03.??"]
[WhiteTeam "Sautron"]
[BlackTeam "Orange"]

1. d4 d5 2. c4 c6 3. Nc3 dxc4 4. e4 b5 5. a4 b4 6. Na2 a5 7. Bxc4 Nf6 8. e5 Nd5
9. Bd2 e6 10. Nf3 Ba6 11. Qe2 Qb6 12. Nc1 c5 13. Nb3 cxd4 14. O-O Be7 15. Rfc1
O-O 16. Nfxd4 Nd7 17. Bxa6 Qxa6 18. Qxa6 Rxa6 19. Nc6 Bd8 20. Nc5 Nxc5 21. Rxc5
Bb6 22. Rc2 Raa8 23. Bg5 Rfe8 24. Kf1 h6 25. Bd2 Rac8 26. Rac1 Rc7 27. Rc4 Rec8
28. b3 Kf8 29. Ke2 Ke8 30. Kd3 Kd7 31. Nd4 Bxd4 32. Kxd4 Rxc4+ 33. Rxc4 Rxc4+
34. Kxc4 Kc6 35. f3 Nb6+ 36. Kd4 Nd7 37. g4 Nc5 38. Kc4 Nd7 39. Kd4 Nc5 40. Kc4
Nd7 41. f4 g6 42. Be3 h5 43. h3 hxg4 44. hxg4 Nb6+ 45. Kd4 Nd5 46. Bd2 Kb6 47.
f5 gxf5 48. gxf5 Ne7 49. fxe6 fxe6 50. Bg5 Nc6+ 51. Ke4 Ka6 52. Be3 Kb7 53. Bc5
Nd8 54. Be7 Nc6 55. Bd6 Nd8 56. Kd4 Kc6 57. Be7 Nb7 58. Kc4 Kb6 59. Bg5 Kc6 60.
Be3 Nd8 61. Ba7 Nf7 62. Kd4 Nd8 63. Bc5 Nb7 64. Be7 Kb6 65. Kc4 Kc6 66. Kd4 Kb6
1/2-1/2

[Event "FRA Team Ch"]
[Site "SAUTRON"]
[Date "2002.??.??"]
[Round "7.7"]
[White "Guidarelli, Laurent"]
[Black "Mullon, Jean-Baptiste"]
[Result "1/2-1/2"]
[WhiteElo "2283"]
[BlackElo "2296"]
[PlyCount "146"]
[EventDate "2002.03.??"]
[WhiteTeam "Orange"]
[BlackTeam "Sautron"]

1. e4 e6 2. d4 d5 3. Nc3 Nf6 4. e5 Nfd7 5. f4 c5 6. Nf3 Nc6 7. Be3 a6 8. Qd2 b5
9. a3 Bb7 10. Qf2 cxd4 11. Nxd4 Nxd4 12. Bxd4 Rc8 13. b4 Be7 14. Bd3 f5 15. O-O
Nb8 16. Ne2 O-O 17. Bb6 Qe8 18. Nd4 Qg6 19. Nb3 Nd7 20. Bd4 Rc7 21. c3 Rfc8 22.
Qd2 h5 23. a4 Bc6 24. Na5 bxa4 25. Bxa6 Rb8 26. Qf2 Bb5 27. Bxb5 Rxb5 28. Rxa4
h4 29. h3 Rb8 30. Nb3 Qe8 31. Rfa1 Qc8 32. Ra7 Rxa7 33. Rxa7 Bd8 34. Nc5 Nxc5
35. Bxc5 Qc6 36. Kh2 Qb5 37. g3 Bb6 38. Bxb6 Qxb6 39. Qxb6 hxg3+ 40. Kxg3 Rxb6
41. Ra4 Kf7 42. Kf3 Rc6 43. Ra3 Ke8 44. Ke3 Rc4 45. b5 Kd8 46. Ra8+ Kc7 47.
Ra7+ Kb6 48. Rxg7 Rxc3+ 49. Ke2 Rxh3 50. Rg6 d4 51. Rxe6+ Kxb5 52. Rd6 Kc4 53.
e6 Kc5 54. Ra6 Kd5 55. Ra5+ Kxe6 56. Re5+ Kf6 57. Rd5 Re3+ 58. Kf2 Re4 59. Kf3
Re3+ 60. Kf2 Re4 61. Kf3 Kg6 62. Rd8 Re3+ 63. Kf2 Ra3 64. Rxd4 Kh5 65. Rb4 Kg4
66. Rc4 Ra2+ 67. Kf1 Kf3 68. Rc3+ Kxf4 69. Rb3 Kg4 70. Rb4+ f4 71. Rb3 Rc2 72.
Ra3 f3 73. Ra8 Kg3 1/2-1/2

[Event "FRA Team Ch"]
[Site "SAUTRON"]
[Date "2002.??.??"]
[Round "7.8"]
[White "Delorme, Alban"]
[Black "Gachon, Lionel"]
[Result "1-0"]
[WhiteElo "2095"]
[BlackElo "2239"]
[PlyCount "73"]
[EventDate "2002.03.??"]
[WhiteTeam "Sautron"]
[BlackTeam "Orange"]

1. e4 g6 2. d4 Bg7 3. Nc3 d6 4. Be3 a6 5. Qd2 b5 6. O-O-O Bb7 7. f3 Nd7 8. Kb1
Rc8 9. d5 c5 10. dxc6 Bxc6 11. Bd4 Ngf6 12. g4 O-O 13. h4 b4 14. Nd5 Bxd5 15.
exd5 Qa5 16. Bh3 Rc4 17. g5 Rxd4 18. Qxd4 Nh5 19. Qd2 Nb6 20. b3 Bc3 21. Qc1
Nxd5 22. Ne2 Be5 23. Rd3 Ndf4 24. Nxf4 Nxf4 25. Bf1 Nxd3 26. Bxd3 Qc5 27. f4
Bg7 28. a4 bxa3 29. Ka2 Bb2 30. Qe1 a5 31. h5 a4 32. hxg6 axb3+ 33. cxb3 hxg6
34. f5 gxf5 35. g6 fxg6 36. Qxe7 Rf7 37. Bc4 1-0

[Event "FRA Team Ch"]
[Site "SAUTRON"]
[Date "2002.??.??"]
[Round "7.9"]
[White "Dacalor, Aurelie"]
[Black "Marchadour, Claire"]
[Result "1-0"]
[WhiteElo "2137"]
[BlackElo "2127"]
[PlyCount "55"]
[EventDate "2002.03.??"]
[WhiteTeam "Orange"]
[BlackTeam "Sautron"]

1. d4 Nf6 2. c4 c5 3. d5 a6 4. e3 g6 5. Nc3 Bg7 6. Nf3 O-O 7. Be2 d6 8. a4 e5
9. Nd2 Ne8 10. h4 h6 11. Qc2 f5 12. f4 Qe7 13. Nf1 Nc7 14. Bd2 Bd7 15. a5 Bf6
16. O-O-O Bc8 17. Re1 Nd7 18. e4 exf4 19. Bxf4 Bxh4 20. g3 Bg5 21. Qd2 b5 22.
exf5 b4 23. Nd1 Ne5 24. fxg6 Nxg6 25. Bxg5 hxg5 26. Bd3 Qf6 27. Qh2 Qg7 28.
Bxg6 1-0

[Event "FRA Team Ch"]
[Site "REIMS"]
[Date "2005.05.01"]
[Round "8.1"]
[White "Bauer, Christian"]
[Black "Lautier, Joel"]
[Result "1/2-1/2"]
[WhiteElo "2599"]
[BlackElo "2770"]
[PlyCount "137"]
[EventDate "2005.05.??"]

1. e4 c5 2. Nf3 Nc6 3. d4 cxd4 4. Nxd4 Nf6 5. Nc3 e5 6. Ndb5 d6 7. Na3 Be7 8.
Bg5 O-O 9. Bxf6 Bxf6 10. Nc4 Be6 11. Qxd6 Qc8 12. Qd2 Rd8 13. Qc1 Nd4 14. Ne3
Be7 15. a3 Bg5 16. Bd3 Nb3 17. cxb3 Rxd3 18. Qc2 Qd8 19. Rd1 Rxd1+ 20. Qxd1
Qxd1+ 21. Kxd1 Bxb3+ 22. Ke2 Rc8 23. h4 Be7 24. Ncd5 Bf8 25. Kd2 f6 26. Rc1
Rxc1 27. Kxc1 Bc5 28. f3 h5 29. Kd2 Kf7 30. g4 Bd4 31. Nc3 g5 32. Nf5 gxh4 33.
Nxh4 Bf2 34. Nf5 hxg4 35. fxg4 Bc5 36. Nd5 Kg6 37. Kc3 Bd1 38. b4 Bf8 39. Nde3
Be2 40. Kd2 Bb5 41. Nd5 Kg5 42. Ke3 Ba4 43. Nc7 Bb3 44. Nd5 a5 45. Nfe7 axb4
46. axb4 Bd1 47. Ng8 Bg7 48. Nc7 Bxg4 49. Ne7 Bf8 50. Ned5 Bd7 51. Nb6 Bh3 52.
Nbd5 Bh6 53. Ne8 f5 54. Nd6 Kg6+ 55. Kf2 f4 56. Nxb7 Bg5 57. Nc5 Bh4+ 58. Kf3
Kg5 59. Nd3 Bg4+ 60. Kg2 f3+ 61. Kg1 Bd7 62. Nc3 Be6 63. b5 Bc4 64. Nf2 Bxf2+
65. Kxf2 Kf4 66. b6 Ba6 67. Na4 Kxe4 68. Nc5+ Kd5 69. Nxa6 1/2-1/2

[Event "FRA Team Ch"]
[Site "REIMS"]
[Date "2005.05.01"]
[Round "8.2"]
[White "Nataf, Igor-Alexandre"]
[Black "Andersson, Ulf"]
[Result "1/2-1/2"]
[WhiteElo "2599"]
[BlackElo "2770"]
[PlyCount "105"]
[EventDate "2005.05.??"]

1. e4 c5 2. Nf3 e6 3. d4 cxd4 4. Nxd4 Nc6 5. Nc3 a6 6. Be2 Qc7 7. O-O Nf6 8.
Be3 Be7 9. f4 d6 10. a4 O-O 11. Kh1 Re8 12. Bg1 Nxd4 13. Qxd4 e5 14. Qd3 exf4
15. Rxf4 Be6 16. Raf1 Rac8 17. Qg3 Nd7 18. Bd4 Ne5 19. Bd3 Qa5 20. Nd5 Qxa4 21.
Qf2 Bg5 22. Bxe5 dxe5 23. Rxf7 Bxf7 24. Qxf7+ Kh8 25. Nb6 Qc6 26. Nxc8 Qxc8 27.
Be2 g6 28. Bg4 Qb8 29. g3 Bh6 30. Qf6+ Bg7 31. Qb6 Rf8 32. Rd1 Qe8 33. Qxb7 Qa4
34. b3 Qa3 35. Qb6 a5 36. Kg2 a4 37. Rd8 axb3 38. Rxf8+ Bxf8 39. cxb3 Kg7 40.
Qc7+ Qe7 41. Qxe7+ Bxe7 42. Kf3 Kf6 43. Ke2 Bc5 44. Bc8 Ke7 45. Kd3 Kd6 46. Kc4
Bg1 47. h3 Bf2 48. g4 h6 49. Kb5 g5 50. Bb7 Be3 51. Bd5 Bf2 52. Ka6 Kc7 53. b4
1/2-1/2